| 000 | 00539nam a2200193Ia 4500 | ||
|---|---|---|---|
| 003 | GCL | ||
| 008 | 140319s9999 xx 000 0 ara d | ||
| 040 |
_aGCL / _cGCL |
||
| 082 | 0 | 4 |
_a613.2 _bف ش |
| 100 | 1 | _aوكر, نورمان | |
| 245 | 1 | 0 |
_aفوائد عصير الخضار والفواكه / _cوكر, نورمان |
| 300 | _a119 ص | ||
| 490 |
_aالشفاء بلا دواء _v0 |
||
| 650 | 0 | 4 | _aالصحة |
| 650 | 0 | 4 | _aالاغذية |
| 650 | 0 | 4 | _aالكيمياء الصحية |
| 650 | 0 | 4 | _aالعصائر |
| 942 |
_2ddc _cBK |
||
| 999 |
_c48498 _d48498 |
||